000 00556nam a2200193Ia 4500
003 GCL
005 20240530104029.0
008 140319s9999 xx 000 0 ara d
040 _aGCL /
_cGCL
082 0 4 _a320.5
_bب ت
100 1 _aبريلو، مارسيل
245 1 0 _aتاريخ الافكار السياسية /
_cبريلو، مارسيل
300 _a405 ص.
650 0 4 _aالسياسة
650 0 4 _aالعلوم السياسية
650 0 4 _aالمذاهب السياسية
700 1 _aليسكيية، جورج
942 _2ddc
_cBK
999 _c44212
_d44212